[Event "NED-chT 2223"]
[Site "Netherlands"]
[Date "2023.03.11"]
[Round "7.3"]
[White "Leenhouts, Koen"]
[Black "Pruijssers, Roeland"]
[Result "1/2-1/2"]
[WhiteElo "2437"]
[BlackElo "2547"]
[PlyCount "80"]
[EventDate "2022.09.17"]
[EventType "team-tourn"]
[EventRounds "9"]
[EventCountry "NED"]
[SourceTitle "CBM 213 Extra"]
[Source "ChessBase"]
[SourceDate "2023.05.31"]
[SourceVersion "1"]
[SourceVersionDate "2023.05.31"]
[SourceQuality "1"]
[WhiteTeam "Sas van Gent"]
[BlackTeam "Apeldoorn Amevo"]
[WhiteTeamCountry "NED"]
[BlackTeamCountry "NED"]

1. d4 d5 2. c4 e6 3. Nf3 Nf6 4. g3 dxc4 5. Bg2 Nc6 6. Qa4 Bb4+ 7. Bd2 Nd5 8. Qb5 Bxd2+ 9. Nbxd2 c3 10. bxc3 Nxc3 11. Qd3 Nd5 12. 0-0 0-0 13. e4 Nb6 14. Rac1 Qe7 15. Rfd1 Bd7 16. Nb3 Nb4 17. Qb1 Ba4 18. Rd2 Bxb3 19. Qxb3 Rac8 20. Bf1 Rfd8 21. h4 h6 22. Kg2 Nc6 23. Bb5 Nb8 24. a4 c6 25. Be2 Rc7 26. a5 N6d7 27. Rdc2 e5 28. Qe3 exd4 29. Nxd4 Nf6 30. Bf3 Qe5 31. Nf5 Na6 32. Rc4 Rcd7 33. Be2 Rd2 34. Rb1 Qxa5 35. Rxb7 Qa2 36. Nxh6+ gxh6 37. Qxh6 Rxe2 38. Qg5+ Kf8 39. Qh6+ Kg8 40. Qg5+ Kf8 1/2-1/2

[Event "Bundesliga 2223"]
[Site "Germany"]
[Date "2023.02.25"]
[Round "8.4"]
[White "Johansson, Linus"]
[Black "Pruijssers, Roeland"]
[Result "1/2-1/2"]
[WhiteElo "2461"]
[BlackElo "2555"]
[PlyCount "43"]
[EventDate "2022.10.21"]
[EventType "team-tourn"]
[EventRounds "15"]
[EventCountry "GER"]
[SourceTitle "CBM 213 Extra"]
[Source "ChessBase"]
[SourceDate "2023.05.31"]
[SourceVersion "1"]
[SourceVersionDate "2023.05.31"]
[SourceQuality "1"]
[WhiteTeam "Bayern Muenchen"]
[BlackTeam "Werder Bremen"]
[WhiteTeamCountry "GER"]
[BlackTeamCountry "GER"]

1. d4 d5 2. c4 e6 3. Nf3 Nf6 4. Nc3 c5 5. cxd5 Nxd5 6. e4 Nxc3 7. bxc3 cxd4 8. cxd4 Bb4+ 9. Bd2 Bxd2+ 10. Qxd2 0-0 11. Bc4 Nd7 12. 0-0 b6 13. Rfe1 Bb7 14. Rad1 Rc8 15. Bb3 Re8 16. h4 h6 17. Qf4 Nf6 18. Re3 Nh5 19. Qe5 Nf6 20. Qf4 Nh5 21. Qe5 Nf6 22. Qf4 1/2-1/2

[Event "Bundesliga 2223"]
[Site "Germany"]
[Date "2023.02.05"]
[Round "6.6"]
[White "Pruijssers, Roeland"]
[Black "Kaasen, Tor Fredrik"]
[Result "1/2-1/2"]
[WhiteElo "2555"]
[BlackElo "2445"]
[PlyCount "41"]
[EventDate "2022.10.21"]
[EventType "team-tourn"]
[EventRounds "15"]
[EventCountry "GER"]
[SourceTitle "CBM 212 Extra"]
[Source "ChessBase"]
[SourceDate "2023.03.31"]
[SourceVersion "1"]
[SourceVersionDate "2023.03.31"]
[SourceQuality "1"]
[WhiteTeam "Werder Bremen"]
[BlackTeam "Berlin SF"]
[WhiteTeamCountry "GER"]
[BlackTeamCountry "GER"]

1. e4 c5 2. Nc3 a6 3. g3 b5 4. Bg2 Bb7 5. d3 e6 6. Nh3 Be7 7. 0-0 b4 8. Ne2 d5 9. f4 Nf6 10. Nf2 Nc6 11. g4 dxe4 12. dxe4 Qc7 13. c3 Rd8 14. Qc2 h6 15. e5 Nd5 16. c4 Nd4 17. Nxd4 cxd4 18. Qd3 Ne3 19. Bxe3 dxe3 20. Qxe3 Bxg2 21. Kxg2 1/2-1/2

[Event "NED-chT 2223"]
[Site "Netherlands"]
[Date "2022.09.17"]
[Round "1.5"]
[White "Pruijssers, Roeland"]
[Black "Lecomte, Robin"]
[Result "1-0"]
[WhiteElo "2547"]
[BlackElo "2269"]
[PlyCount "81"]
[EventDate "2022.09.17"]
[EventType "team-tourn"]
[EventRounds "9"]
[EventCountry "NED"]
[SourceTitle "CBM 213 Extra"]
[Source "ChessBase"]
[SourceDate "2023.05.31"]
[SourceVersion "1"]
[SourceVersionDate "2023.05.31"]
[SourceQuality "1"]
[WhiteTeam "Apeldoorn Amevo"]
[BlackTeam "Charlois Europoort"]
[WhiteTeamCountry "NED"]
[BlackTeamCountry "NED"]

1. e4 e5 2. Nf3 Nc6 3. Bc4 Nf6 4. d3 Be7 5. 0-0 0-0 6. Re1 d6 7. a4 Na5 8. Ba2 c5 9. c3 Nc6 10. Na3 a6 11. Bd2 Rb8 12. Nc4 b5 13. axb5 axb5 14. Ne3 Qc7 15. b4 cxb4 16. cxb4 Bd7 17. Qb1 Qb7 18. Nd5 Nxd5 19. exd5 Na7 20. d4 Bg4 21. Qd3 Bxf3 22. Qxf3 exd4 23. Bb1 g6 24. Qf4 Nc8 25. Qxd4 f5 26. Re6 Qb6 27. Qb2 Qd8 28. Bc3 Nb6 29. Ra7 Rf7 30. Bd4 Nc8 31. Ra6 Bf8 32. Bd3 Qd7 33. h4 Qb7 34. Rc6 Ne7 35. Rb6 Qa8 36. Rxb8 Qxb8 37. h5 gxh5 38. Qe2 Ng6 39. Qxh5 Bg7 40. Bxg7 Rxg7 41. Bxf5 1-0

[Event "NED-ch"]
[Site "Rotterdam"]
[Date "2021.11.27"]
[Round "1"]
[White "Pruijssers, Roeland"]
[Black "Warmerdam, Max"]
[Result "1/2-1/2"]
[WhiteElo "2570"]
[BlackElo "2608"]
[PlyCount "81"]
[EventDate "2021.11.27"]
[EventType "tourn"]
[EventRounds "6"]
[EventCountry "NED"]
[EventCategory "12"]
[SourceTitle "CBM 205 Extra"]
[Source "ChessBase"]
[SourceDate "2022.01.31"]
[SourceVersion "1"]
[SourceVersionDate "2022.01.31"]
[SourceQuality "1"]

1. e4 c5 2. Nc3 Nc6 3. Nge2 d6 4. d4 cxd4 5. Nxd4 Nf6 6. f3 e5 7. Nb3 Be7 8. Be3 Be6 9. Nd5 0-0 10. c3 Nb8 11. Nxf6+ Bxf6 12. Be2 Bg5 13. Qd2 Bxe3 14. Qxe3 a5 15. 0-0 Qc7 16. Nd2 Rc8 17. Rfc1 Nd7 18. Bb5 a4 19. b4 axb3 20. axb3 Rxa1 21. Rxa1 Qxc3 22. Qxc3 Rxc3 23. Bxd7 Bxd7 24. Ra8+ Rc8 25. Rxc8+ Bxc8 26. Nc4 Be6 27. Nxd6 Bxb3 28. Nxb7 h5 29. h4 f6 30. Kf2 Kf7 31. Ke3 Ke7 32. Kd3 Bf7 33. Kc3 Kd7 34. Kb4 Kc7 35. Na5 Kb6 36. Nc4+ Bxc4 37. Kxc4 Kc6 38. Kb4 Kb6 39. Kc4 Kc6 40. Kb4 Kb6 41. Kc4 1/2-1/2

[Event "Titled Tuesday intern op 27th July"]
[Site "Chess.com INT"]
[Date "2021.07.27"]
[Round "5"]
[White "Hajiyeva, Laman"]
[Black "Pruijssers, Roeland"]
[Result "1/2-1/2"]
[WhiteElo "2000"]
[BlackElo "2561"]
[PlyCount "115"]
[EventDate "2021.07.27"]
[EventType "swiss (blitz)"]
[EventRounds "11"]
[EventCountry "USA"]
[SourceTitle "CBM 203 Extra"]
[Source "ChessBase"]
[SourceDate "2021.09.30"]
[SourceVersion "1"]
[SourceVersionDate "2021.09.30"]
[SourceQuality "1"]

1. d4 f5 2. Bg5 g6 3. h4 h6 4. Bf4 d6 5. Nc3 Nf6 6. e3 Bg7 7. Qf3 Nc6 8. 0-0-0 e6 9. Bc4 Qe7 10. Qg3 Qf7 11. d5 exd5 12. Nxd5 Nxd5 13. Bxd5 Be6 14. Qf3 Nb4 15. Bxe6 Qxe6 16. Qxb7 Nxa2+ 17. Kb1 0-0 18. Qd5 Qxd5 19. Rxd5 Rab8 20. Kxa2 Rxb2+ 21. Ka3 Rb1 22. c4 Rfb8 23. Rb5 R8xb5 24. cxb5 Kf7 25. f3 Ke6 26. e4 fxe4 27. fxe4 Bd4 28. Bh2 g5 29. Ka2 Ra1+ 30. Kb3 Bc5 31. hxg5 hxg5 32. g4 Rf1 33. Kc4 Kd7 34. e5 c6 35. bxc6+ Kxc6 36. exd6 Bxd6 37. Bxd6 Kxd6 38. Rh6+ Ke5 39. Ne2 Rf2 40. Nd4 Rg2 41. Re6+ Kf4 42. Re7 Rxg4 43. Rxa7 Ke3 44. Re7+ Kf2 45. Kd5 Rf4 46. Rg7 g4 47. Ke5 Rxd4 48. Kxd4 g3 49. Rf7+ Ke2 50. Re7+ Kf2 51. Rf7+ Ke2 52. Re7+ Kf2 53. Kd3 g2 54. Rf7+ Ke1 55. Re7+ Kf2 56. Rf7+ Ke1 57. Rg7 Kf2 58. Rf7+ 1/2-1/2

[Event "Titled Tuesday intern op 27th July"]
[Site "Chess.com INT"]
[Date "2021.07.27"]
[Round "4"]
[White "Pruijssers, Roeland"]
[Black "Palchuk, Andrii"]
[Result "0-1"]
[WhiteElo "2561"]
[BlackElo "2174"]
[PlyCount "54"]
[EventDate "2021.07.27"]
[EventType "swiss (blitz)"]
[EventRounds "11"]
[EventCountry "USA"]
[SourceTitle "CBM 203 Extra"]
[Source "ChessBase"]
[SourceDate "2021.09.30"]
[SourceVersion "1"]
[SourceVersionDate "2021.09.30"]
[SourceQuality "1"]

1. f4 Nf6 2. Nf3 g6 3. g3 Bg7 4. Bg2 0-0 5. 0-0 d5 6. d3 c5 7. Qe1 Nc6 8. e4 dxe4 9. dxe4 e5 10. f5 Nd4 11. Na3 Nxf3+ 12. Bxf3 gxf5 13. exf5 Bxf5 14. Bxb7 Bh3 15. Bg2 Bxg2 16. Kxg2 Qd5+ 17. Kg1 Ne4 18. Qe2 f5 19. Nc4 Rae8 20. Ne3 Qd7 21. b3 Kh8 22. Bb2 f4 23. Nc4 Ng5 24. Nxe5 Qd5 25. Qg2 Qxg2+ 26. Kxg2 Bxe5 27. Bxe5+ Rxe5 0-1

[Event "Titled Tuesday intern op 27th July"]
[Site "Chess.com INT"]
[Date "2021.07.27"]
[Round "8"]
[White "Pruijssers, Roeland"]
[Black "Rangel, Daniel"]
[Result "1/2-1/2"]
[WhiteElo "2561"]
[BlackElo "2210"]
[PlyCount "78"]
[EventDate "2021.07.27"]
[EventType "swiss (blitz)"]
[EventRounds "11"]
[EventCountry "USA"]
[SourceTitle "CBM 203 Extra"]
[Source "ChessBase"]
[SourceDate "2021.09.30"]
[SourceVersion "1"]
[SourceVersionDate "2021.09.30"]
[SourceQuality "1"]

1. f4 g6 2. Nf3 Bg7 3. g3 c5 4. Bg2 e6 5. 0-0 Ne7 6. e4 0-0 7. Nc3 d6 8. d4 Nbc6 9. Be3 b6 10. d5 exd5 11. exd5 Nf5 12. dxc6 Nxe3 13. Qd2 Nxf1 14. Rxf1 Bg4 15. Nd5 Rc8 16. Re1 Re8 17. c7 Rxe1+ 18. Qxe1 Rxc7 19. Nxc7 Qxc7 20. Qe8+ Bf8 21. Ng5 Qe7 22. Bc6 Qxe8 23. Bxe8 Be6 24. Nxe6 fxe6 25. Kf2 Kg7 26. c4 d5 27. b3 Kf6 28. Bc6 d4 29. Kf3 Bd6 30. Be4 h6 31. h4 e5 32. fxe5+ Bxe5 33. Bd3 g5 34. h5 Bd6 35. Kg4 Ke5 36. Kf3 Be7 37. Kg4 Bd6 38. Kf3 Be7 39. Kg4 Bd6 1/2-1/2